000 00745cam a2200217 a 4500
001 13519494
005 20250709123751.0
008 040311s2003 miuab b 001 0 eng
020 _a0310238250
_qalk. paper
020 _z0310238350 (alk. paper)
020 _a9780310238256
_q(alk. paper)
050 0 0 _aBS2535.3
_b.G86 2003
082 0 0 _a225.6/1
_222
100 1 _aGundry, Robert H.
_q(Robert Horton),
_d1932-
245 1 2 _aA survey of the New Testament /
_cRobert H. Gundry.
250 _a4th ed.
260 _aGrand Rapids, Mich. :
_bZondervan,
_cc2003.
300 _axviii, 542 p. :
_bcol. ill., col. maps ;
_c25 cm.
856 4 2 _3Publisher description
_uhttp://www.loc.gov/catdir/enhancements/fy0633/2004269952-d.html
942 _2lcc
_cBK
_n0
999 _c6881
_d6881